Патентные исследования в Интернете

Podrobná bibliografie
Hlavní autor: Скорняков Э. П. Эдуард Петрович
Další autoři: Смирнова В. Р. Вероника Ремовна
Shrnutí:Рассмотрены патентный поиск в базах данных ФИПС, ЕПВ, ВОИС, патентных ведомств США, Германии, Японии и проведение поиска при патентных исследованиях разных видов. Показаны возможности Интернета не только для целей поиска, но и для систематизации информации об изобретении с формированием динамических рядов патентования, характеризующих тенденции развития. Для работников патентных служб.
Jazyk:ruština
Vydáno: Москва, Патент, 2007
Témata:
Médium: Kniha
KOHA link:https://koha.lib.tpu.ru/cgi-bin/koha/opac-detail.pl?biblionumber=160794

MARC

LEADER 00000nam0a2200000 4500
001 160794
005 20231101222219.0
035 |a (RuTPU)RU\TPU\book\174385 
090 |a 160794 
100 |a 20090528d2007 k y0rusy50 ca 
101 0 |a rus 
102 |a RU 
105 |a a z 001zy 
200 1 |a Патентные исследования в Интернете  |f Э. П. Скорняков, В. Р. Смирнова 
210 |a Москва  |c Патент  |d 2007 
215 |a 112 с.  |c ил. 
320 |a Библиогр.: с. 96. 
330 |a Рассмотрены патентный поиск в базах данных ФИПС, ЕПВ, ВОИС, патентных ведомств США, Германии, Японии и проведение поиска при патентных исследованиях разных видов. Показаны возможности Интернета не только для целей поиска, но и для систематизации информации об изобретении с формированием динамических рядов патентования, характеризующих тенденции развития. Для работников патентных служб. 
606 1 |a Патентный поиск  |x Механизация  |2 stltpush  |3 (RuTPU)RU\TPU\subj\48373  |9 67244 
610 1 |a промышленная собственность 
610 1 |a базы данных 
610 1 |a патенты 
610 1 |a патентные ведомства 
610 1 |a США 
610 1 |a Германия 
610 1 |a Япония 
610 1 |a Интернет 
610 1 |a изобретения 
610 1 |a информация 
610 1 |a систематизация 
610 1 |a патентование 
675 |a 608.3:002.6  |v 3 
700 1 |a Скорняков  |b Э. П.  |g Эдуард Петрович 
701 1 |a Смирнова  |b В. Р.  |g Вероника Ремовна 
801 1 |a RU  |b 63413507  |c 20090528  |g PSBO 
801 2 |a RU  |b 63413507  |c 20220826  |g PSBO 
900 |a Патентно-лицензионная работа 
942 |c BK